[Event "18th IRI-chT Super League 2019"]
[Site "Tehran"]
[Date "2019.11.28"]
[Round "9.8"]
[White "Bolourchifard, Farzad"]
[Black "Martirosyan, Haik M."]
[Result "0-1"]
[WhiteElo "2269"]
[BlackElo "2607"]
[Annotator "TA"]
[PlyCount "110"]
[EventDate "2019.11.23"]
[EventType "team-tourn"]
[EventCountry "IRI"]
[SourceTitle "playchess.com"]
[Source "ChessBase"]
[SourceQuality "1"]

{[%evp 17,110,61,70,24,30,33,48,31,43,0,0,0,0,0,0,0,16,9,44,27,43,0,47,59,49,51,36,0,70,51,51,58,54,59,84,48,52,0,0,0,0,-30,-30,-39,0,0,0,0,0,0,0,0,0,-103,-87,-92,-96,-95,-89,-138,-104,-212,-150,-404,-422,-454,-452,-569,-550,-546,-533,-29986,-1056,-870,-759,-875,-1045,-912,-1027,-997,-1009,-987,-975,-957,-927,-940,-866,-12842,-12842,-12839,-12833,-29990,-29991,-29997,-29998]} 1. d4 Nf6 2. Nf3 c5 3. d5 d6 4. Nc3 g6 5. e4 Bg7 6. Be2 O-O 7. O-O Na6 8. Re1 Nc7 9. a4 a6 10. a5 {A43: Schmid Benoni} Nb5 11. Nb1 e6 $146 ({Predecessor:} 11... Bg4 12. Nbd2 e6 13. c4 Nc7 14. h3 Bxf3 15. Bxf3 Nd7 16. Be2 Rb8 17. Nf3 exd5 18. exd5 {1-0 (37) Soffer,R (2445)-Goldin,A (2565) Bern 1991}) 12. c3 {White is slightly better.} Nc7 13. Bg5 exd5 14. Bxf6 Qxf6 15. exd5 Bf5 16. Bc4 g5 17. Qb3 Rae8 {Hoping for ...g4.} 18. Na3 Bc8 19. Qb6 Na8 20. Qa7 Nc7 21. Rxe8 Rxe8 22. Re1 (22. Qb8 $5 {[%cal Rb8c7]} g4 23. Qxc7 gxf3 24. g3 $11) 22... g4 (22... Rxe1+ $1 $11 23. Nxe1 {[#]} Nxd5 $1 {[%mdl 512]}) 23. Rxe8+ $14 Nxe8 24. Qb8 Qd8 $1 25. Nd2 Bh6 26. Nf1 Qc7 27. Qa8 (27. Qxc7 $14 Nxc7 28. Bb3) 27... Nf6 $11 28. Bd3 Nxd5 29. Bf5 Ne7 $36 {[%mdl 2048] Black has the initiative.} 30. Bxg4 $1 f5 31. Bf3 d5 32. Nc2 Kf7 33. Nce3 Ke6 34. g3 Kd6 35. c4 (35. h4 $11) 35... d4 $17 36. Nd5 Nxd5 37. Bxd5 Bc1 38. b3 Bb2 39. g4 (39. h3 $17 {was worth a try.}) 39... fxg4 $19 40. Nd2 $2 (40. Be4 $17 {was the only chance.}) 40... Ke5 41. Ne4 {intending Nxc5!} d3 42. Kf1 Kd4 43. b4 {If White can now play Qa7 this consolidates a bit.} Qxh2 {[%cal Rh2h1]} 44. Nxc5 Qh3+ (44... g3 $142 45. Bg2 gxf2 46. Ne6+ Kc3 47. Kxf2 d2 48. Qa7 d1=Q 49. Qe3+ Kxb4 50. Qb6+ Ka3 51. Qe3+ Ka2 52. Qe4 Bxe6 53. c5 Bd4+ 54. Qxd4 Qxd4+ 55. Ke1 Qxg2 56. c6 Qdg1#) 45. Bg2 {[#]} d2 $1 {[%cal Rd2d1][%mdl 512]} 46. Nb3+ Qxb3 {[%cal Rd2d1][%mdl 64] Double Attack} 47. Qa7+ Kc3 {[%cal Rd2d1]} 48. Qe3+ Kxb4 {( -> ...Qd1+)} 49. Qxd2+ Qc3 50. Qd6+ Ka4 51. Bd5 Bf5 {aiming for ...Qd3+.} 52. c5 Qd3+ 53. Kg1 Be4 54. Qd7+ Ka3 55. c6 Qd1+ {Accuracy: White = 51%, Black = 65%.} 0-1

[Event "18th IRI-chT Super League 2019"]
[Site "Tehran"]
[Date "2019.11.28"]
[Round "9.9"]
[White "Pourramezanali, Amirreza"]
[Black "Sedaghati, Mehrdad"]
[Result "1-0"]
[WhiteElo "2486"]
[BlackElo "2241"]
[Annotator "TA"]
[PlyCount "91"]
[EventDate "2019.11.23"]
[EventType "team-tourn"]
[EventCountry "IRI"]
[SourceTitle "playchess.com"]
[Source "ChessBase"]
[SourceQuality "1"]

{[%evp 15,91,0,0,-1,-3,-26,-16,-16,-13,-19,-19,-25,-26,-31,-20,-37,-19,-18,7,3,52,27,43,2,22,0,0,8,13,12,10,0,-8,-5,0,-2,0,0,0,0,0,0,0,-109,0,0,0,0,0,0,8,11,21,25,81,55,138,138,131,131,130,131,137,121,133,122,128,121,137,122,152,152,1601,249,255,211,211,223]} 1. d4 Nf6 2. Bf4 e6 3. e3 c5 4. c3 ({Predecessor:} 4. Nd2 Nc6 {0-1 (38) Moon,B (2299)-Gurevich,D (2460) Chicago 2017}) 4... Nc6 5. Nd2 d5 6. Ngf3 Bd6 7. Bg3 O-O 8. Bd3 b6 9. e4 $146 {D02: 1 d4 d5 2 Nf3 sidelines, including 2...Nf6 3 g3 and 2...Nf6 3 Bf4} (9. Qe2 Bb7 10. Rd1 Re8 11. e4 Be7 12. e5 Nh5 13. a3 g6 14. Nf1 f5 15. exf6 Bxf6 16. Bb5 a6 17. Bxc6 Bxc6 {1-0 (34) Nihal,S (2598)-Sevian,S (2666) chess.com INT 2019}) 9... Be7 10. e5 Nh5 11. Ng5 {The position is equal.} Bxg5 ({But not} 11... Nxg3 $2 12. Bxh7+ Kh8 13. Nxf7+ $1 {[%mdl 512]} Rxf7 14. hxg3 $18) 12. Qxh5 {[%csl Gd3][%cal Rh5h7]} g6 13. Qe2 cxd4 14. h4 $1 {[%cal Rh4g5]} Bh6 15. h5 dxc3 16. bxc3 g5 17. O-O Kh8 18. Nf3 Bg7 19. h6 Bxh6 20. Nh2 f5 21. exf6 $1 {aiming for Bb5.} e5 $1 ({Don't go for} 21... Qxf6 $2 22. Ng4 $18) 22. Bb5 Qxf6 23. Bxc6 Qxc6 24. Bxe5+ Kg8 25. Rae1 Bf5 26. Ng4 {next Qb5! is good for White.} Rae8 27. Nxh6+ Qxh6 28. Qd2 Be4 29. Bd4 {[#]} (29. Bg3 $11 {remains equal.}) 29... Qg6 (29... Rf4 $1 $17 {[%cal Rf4h4]} 30. f3 Rh4) 30. f3 Bd3 31. Rxe8 Rxe8 32. Re1 {Black must now prevent Rxe8+.} Rxe1+ 33. Qxe1 {Hoping for Qe5.} Kf7 34. Qe5 Bc4 (34... g4 $11 {keeps the balance.}) 35. Qc7+ $16 Ke8 ({Better is} 35... Kf8 $14) 36. Qb8+ Kd7 37. Qxa7+ Ke8 38. Qb8+ Kd7 39. Qb7+ Ke8 40. Qc8+ Ke7 41. Qc7+ Ke8 42. a4 Qb1+ 43. Kh2 {Qc8+ is the strong threat.} Qc2 $2 (43... Qf5 $16 44. Be5 (44. Qxb6 Qf4+ 45. g3 Qxf3 $14) 44... Qe6) 44. Bf6 $2 (44. Qc6+ Ke7 45. Qc7+ Ke8 46. Qc8+ Ke7 47. Bxb6) 44... Qe2 $18 45. Qxh7 {And now Qh8+ would win.} g4 46. Qg8+ {Accuracy: White = 72%, Black = 47%.} 1-0

[Event "18th IRI-chT Super League 2019"]
[Site "Tehran"]
[Date "2019.11.28"]
[Round "9.10"]
[White "Alavi, Homa"]
[Black "Asadi, Motahare"]
[Result "0-1"]
[WhiteElo "2017"]
[BlackElo "2232"]
[Annotator "TA"]
[PlyCount "42"]
[EventDate "2019.11.23"]
[EventType "team-tourn"]
[EventCountry "IRI"]
[SourceTitle "playchess.com"]
[Source "ChessBase"]
[SourceQuality "1"]

{[%evp 10,42,15,9,50,43,27,45,33,0,6,-10,17,-40,-6,-39,-37,-100,-83,-155,-129,-133,-141,-167,-160,-324,-311,-352,-347,-510,-506,-697,-492,-662,-485]} 1. Nf3 Nf6 2. b3 g6 3. Bb2 Bg7 4. c4 O-O 5. g3 d5 6. cxd5 Nxd5 {A15: English Opening: 1...Nf6} 7. Bxg7 Kxg7 8. Bg2 Nc6 {White is slightly better.} 9. O-O (9. d4 Bf5 10. O-O Ndb4 11. Na3 a5 12. Qc1 Be4 13. Rd1 e6 14. Qb2 {0-1 (33) Grischuk,A (2767)-Morozevich,A (2665) Moscow 2018}) 9... e5 10. Qc2 Qf6 $146 ({Predecessor:} 10... Re8 11. Nc3 Bf5 12. Qb2 Nxc3 13. dxc3 Be4 14. Rad1 {½-½ (32) Rohan,A (2389)-Tabatabaei,M (2488) Baku 2015}) 11. Na3 ({White should play} 11. d3 $11) 11... Bf5 12. Qc5 Rad8 13. d3 {[#]} (13. Nb5 $15) 13... e4 $1 $17 {[%cal Re4f3]} 14. Nd2 (14. Nh4 $142 b6 15. Nxf5+ gxf5 16. Qc4) 14... exd3 15. e4 {[%mdl 64] Double Attack} b6 $36 {[%mdl 2048] Black is in control.} 16. Qc4 Ne5 17. Qa6 $2 {[#]} (17. Qc1 $17 {is the only way for White.} Nc3 18. Kh1 (18. Qxc3 $2 Nf3+ {[%mdl 64] Discovered Attack} 19. Nxf3 Qxc3 $17)) 17... Bc8 $19 18. Qxa7 Nc6 19. Qa4 (19. e5 {might work better.} Qxe5 20. Qa4) 19... Nc3 {Black is clearly winning.} 20. Qc4 Ne5 21. Qb4 c5 {Accuracy: White = 29%, Black = 62%.} 0-1